• 首页
  • 本馆介绍
  • 公告通知
  • 最新文献
  • 馆藏检索
  • 电子资源
  • 读者导购
  • 参考咨询
  • 我的图书馆
  • 登录
  • 详细信息显示
  • 放入我的书架
  • 预约/预借图书
  • 作者相关作品
  • 分类相关作品
  • 丛书相关作品
  • 出版社相关作品

书目信息

  • 表格格式
  • 工作单格式
  • 卡片格式
题名:
汶川地震灾区贫困村恢复发展评估
    
 
作者: 李小云 , 黄承伟 主编
分册:  
出版信息: 北京   中国财政经济出版社  2012.08
页数: 13,18,273页
开本: 24cm
丛书名: 防灾减灾/灾后重建与扶贫开发机制模式研究丛书
单 册:
中图分类: TU982.29
科图分类:
主题词: 地震灾害--贫困--农村--灾区--重建--调查报告--中国 , 地震灾害 , 贫困 , 农村 , 灾区
电子资源:
ISBN: 978-7-5095-3544-8
000 01717oam2 2200337 450
001 012012266330
005 20130609084806.32
010    @a978-7-5095-3544-8@dCNY30.00
100    @a20121117d2012 ekmy0chiy50 ea
101 0  @achi@deng
102    @aCN@b110000
105    @aak z 000yy
106    @ar
200 1  @a汶川地震灾区贫困村恢复发展评估@9wen chuan di zhen zai qu pin kun cun hui fu fa zhan ping gu@e来自8个贫困村的调研@f李小云,黄承伟主编
210    @a北京@c中国财政经济出版社@d2012.08
215    @a13,18,273页@c图@d24cm
225 1  @a防灾减灾/灾后重建与扶贫开发机制模式研究丛书
312    @a封面英文题名:Recovery and development assessment of poverty-stricken villages in the earthquake-hit area Wenchuan
330    @a本书在文献回顾的基础上,充分利用已有的灾后重建恢复工作的评估资料,在四川、甘肃、陕西三省共选择了8个村庄进行实地调研,通过问卷调查、关键人物访谈、文献检索以及观察法等方法收集资料,并采用DFID的可持续生计分析框架,在对调研信息进行定量与定性分析的基础上,对农户目前的生计、资产水平和恢复情况进行分析,评估灾后贫困村生计恢复的措施与现状,分析存在问题的原因,提炼成功的模式,总结经验,并就灾后恢复期可持续生计建设提出相关的政策建议。
461  0 @12001 @a防灾减灾/灾后重建与扶贫开发机制模式研究丛书
510 1  @aRecovery and development assessment of poverty-stricken villages in the earthquake-hit area Wenchuan@ea survey of 8 poverty-strieken villages@zeng
606 0  @a地震灾害@x贫困@x农村@x灾区@x重建@x调查报告@y中国
606 0  @a地震灾害
606 0  @a贫困
606 0  @a农村
606 0  @a灾区
690    @aTU982.29@v5
701  0 @a李小云@9li xiao yun@4主编
701  0 @a黄承伟@9huang cheng wei@4主编
801  0 @aCN@bRENTIAN@c20121117
905    @dTU982.29@e636
    
    汶川地震灾区贫困村恢复发展评估:来自8个贫困村的调研/李小云,黄承伟主编.-北京:中国财政经济出版社,2012.08
    13,18,273页:图;24cm.-(防灾减灾/灾后重建与扶贫开发机制模式研究丛书)
    
    
    ISBN 978-7-5095-3544-8:CNY30.00
    本书在文献回顾的基础上,充分利用已有的灾后重建恢复工作的评估资料,在四川、甘肃、陕西三省共选择了8个村庄进行实地调研,通过问卷调查、关键人物访谈、文献检索以及观察法等方法收集资料,并采用DFID的可持续生计分析框架,在对调研信息进行定量与定性分析的基础上,对农户目前的生计、资产水平和恢复情况进行分析,评估灾后贫困村生计恢复的措施与现状,分析存在问题的原因,提炼成功的模式,总结经验,并就灾后恢复期可持续生计建设提出相关的政策建议。
●
相关链接 在E读中查询图书 在五车中查询图书 在当当中查询图书 在豆瓣中查询图书


正题名:汶川地震灾区贫困村恢复发展评估     索取号:TU982.29/636         预约/预借

序号 登录号 条形码 馆藏地/架位号 状态 备注
1 0545852   205458529   第二样本阅览室/ [索取号:TU982.29/636] 在馆    
2 0545853   205458538   第三借阅区/ [索取号:TU982.29/636] 在馆    
3 0545854   205458547   第三借阅区/ [索取号:TU982.29/636] 在馆    
4 0545855   205458556   第三借阅区/ [索取号:TU982.29/636] 在馆    
5 0545856   205458565   第三借阅区/ [索取号:TU982.29/636] 在馆    
唐山师范学院图书馆 欢迎您!
大连网信软件有限公司© 版权所有